000 03403cgm a2200769Ka 4500
003 OCoLC
005 20241220121511.0
007 vd cvaizk
008 071003s2007 cau086 g vleng d
001 ocn173650464
035 _a(Sirsi) i9781415735473
040 _aTEFMT
_cTEFMT
_dTEF
_dRCS
_dUINTA
020 _a1415735476
020 _a9781415735473
024 1 _a097363471349
028 4 2 _a34713
_bParamount Home Entertainment
035 _a(OCoLC)173650464
037 _bMidwest Tape
_nhttp://www.midwesttapes.com
041 1 _aeng
_afre
_aspa
_beng
_bfre
_bspa
_heng
043 _ar------
050 1 4 _aQL105
_b.A73 2007
082 0 4 _a591.70911/3
_222
049 _aUCLB
092 _a591.70
245 0 0 _aArctic tale
_h[videorecording] /
_cParamount Classics presents a National Geographic Films production ; produced by Adam Leipzig, Keenan Smart ; narration written by Linda Woolverton and Mose Richards and Kristin Gore ; directed by Adam Ravetch & Sarah Robertson.
260 _aHollywood, Calif. :
_bParamount Home Entertainment,
_c2007.
300 _a1 videodisc (86 min.) :
_bsd., col. ;
_c4 3/4 in.
538 _aDVD, region 1, widescreen (16:9, enhanced) presentation; Dolby Digital 5.1 surround, Dolby Digital 2.0 stereo. surround, NTSC.
546 _aEnglish (Dolby 5.1, Dolby 2.0), dubbed French (Dolby 5.1) or dubbed Spanish (Dolby 5.1) dialogue, English, French or Spanish subtitles; closed-captioned.
500 _aTitle from container.
511 0 _aNarrator, Queen Latifah.
508 _aMusic, Joby Talbot.
540 _aThis DVD is copy protected.
521 8 _aMPAA rating: G.
520 _aFollow Nanu the polar bear cub and Seela the walrus pup through exciting and often dangerous struggles for survival, with only their natural instincts and mothers' guidance to help them face the challenges of a world that is melting around them.
500 _aSpecial features: Making of Arctic tale; "Are we there yet? World adventure: Polar bear spotting" featurette.
650 0 _aPolar bear
_zArctic regions.
_96368884
650 0 _aWalrus
_zArctic regions.
_96508284
650 0 _aInstinct.
_986049
650 0 _aPolar bear.
_96179758
650 0 _aWalrus.
_96179759
650 7 _aAnimales
_zArctic regions.
_2bidex
_96508285
650 7 _aInstinto
_zArctic regions.
_2bidex
_96508286
650 7 _aPolar bear
_zArctic regions.
_2sears
_96368884
650 7 _aWalrus
_zArctic regions.
_2sears
_96508284
650 7 _aInstinct.
_2sears
_986049
655 0 _aTelevision programs.
_96179762
655 0 _aDocumentary television programs.
_96179763
655 0 _aTelevision programs for the hearing impaired.
_95673659
655 7 _aDocumentary
_vTelevision special.
_2local
_96498784
655 7 _aAnimal
_vTelevision special.
_2local
_96508287
700 1 _aLeipzig, Adam.
_956518
700 1 _aSmart, Keenan.
_956519
700 1 _aWoolverton, Linda.
_925575
700 1 _aRichards, Mose.
_920168
700 1 _aGore, Kristin,
_d1977-
_953138
700 1 _aRavetch, Adam.
_956191
700 1 _aRobertson, Sarah.
_956192
700 0 _aLatifah,
_cQueen.
_937461
710 2 _aParamount Classics (Firm)
_970714
710 2 _aNational Geographic Films (Firm)
_96179766
710 2 _aNational Geographic Society (U.S.)
_97184
710 2 _aParamount Home Entertainment (Firm)
_972161
942 _cDVD
_0324
994 _aC0
_bUINTA
998 _aa112029
999 _c51758
_d51758